Game console hacking : Xbox, PlayStation, Nintendo, game boy, Atari, & Sega (Record no. 191377)

MARC details
000 -LEADER
fixed length control field 00592nam a2200193Ia 4500
008 - FIXED-LENGTH DATA ELEMENTS--GENERAL INFORMATION
fixed length control field 191130s2004##################000#0#eng##
020 ## - INTERNATIONAL STANDARD BOOK NUMBER
ISBN 9781931836319
082 ## - DEWEY DECIMAL CLASSIFICATION NUMBER
Classification number 006.7 GRA
100 ## - MAIN ENTRY--AUTHOR NAME
Personal name Grand, Joe
245 ## - TITLE STATEMENT
Title Game console hacking : Xbox, PlayStation, Nintendo, game boy, Atari, & Sega
Statement of responsibility, etc Joe Grand, Albert Yarusso
260 ## - PUBLICATION, DISTRIBUTION, ETC. (IMPRINT)
Place of publication Rockland, MA
Name of publisher Syngress
Year of publication 2004
300 ## - PHYSICAL DESCRIPTION
Number of Pages 512 p. : ill
650 ## - SUBJECT ADDED ENTRY--TOPICAL TERM
Topical Term Video games -- Equipment and supplies
700 ## - ADDED ENTRY--PERSONAL NAME
Personal name Yarusso, Albert
991 ## -
-- 120375
Holdings
Withdrawn status Lost status Damaged status Not for loan Home library Current library Shelving location Date acquired Full call number Accession Number Price effective from Koha item type
        Anna Centenary Library Anna Centenary Library 3RD FLOOR, A WING 13.10.2020 006.7 GRA 350251 13.10.2020 English Books

Find us on the map